01232nam a2200313Ia 4500001001200000003000800012006001900020007001500039008004100054010001700095020002500112020002600137040002100163035002100184050002700205082001800232100003400250245013800284260003000422300001800452504005100470533015200521650003800673650001800711655002900729710001700758856012600775999001700901ebr10687072CaPaEBRm u cr cn|||||||||121123s2013 nju sb 001 0 eng d z 2012041400 z9781118145210 (pbk.) z9781118225769 (ebook) aCaPaEBRcCaPaEBR a(OCoLC)81986095414aRC489.S676bJ64 2013eb04a616.89/142231 aJohnson, Rick,d1964 July 21-10aSpirituality in counseling and psychotherapyh[electronic resource] :ban integrative approach that empowers clients /cRick Johnson. aHoboken :bWiley,cc2013. axxiii, 263 p. aIncludes bibliographical references and index. aElectronic reproduction.bPalo Alto, Calif. :cebrary,d2013.nAvailable via World Wide Web.nAccess may be limited to ebrary affiliated libraries. 0aPsychotherapyxReligious aspects. 0aSpirituality. 7aElectronic books.2local2 aebrary, Inc.40uhttp://site.ebrary.com/lib/rucke/Doc?id=10687072zAn electronic book accessible through the World Wide Web; click to view c13104d13104